000 00476nam a2200205Ia 4500
005 20250425162158.0
008 250425s9999 xx 000 0 und d
041 _aspa
043 _aec
082 _a658
100 _aVARGAS CUEVAS, LUIS
245 0 _aPRINCIPIOS DE ADMINISTRACION
250 _a1A ED.
260 _aEcuador
_bUNIVERSIDAD DE GUAYAQUIL
_c2001
260 _aGUAYAQUIL
300 _a276
650 _aADMINISTRACION
942 _c01
010 _a54473
999 _c223918
_d223918